[Event "Las Palmas Insular-chT Segunda 1718"]
[Site "Las Palmas"]
[Date "2017.12.16"]
[Round "4.1"]
[White "Medina Martin, Alberto"]
[Black "Mikoleizig, Egenhard"]
[Result "1-0"]
[WhiteElo "2026"]
[BlackElo "2043"]
[PlyCount "101"]
[EventDate "2017.10.28"]
[EventType "team-swiss"]
[EventRounds "9"]
[EventCountry "ESP"]
[SourceTitle "EXT 2019"]
[Source "ChessBase"]
[SourceDate "2018.10.10"]
[SourceVersion "1"]
[SourceVersionDate "2018.10.10"]
[SourceQuality "1"]
[WhiteTeam "Guia Univac II"]
[BlackTeam "Grandama III"]
[WhiteTeamCountry "ESP"]
[BlackTeamCountry "ESP"]

1. d4 c6 2. c4 d5 3. Nc3 Nf6 4. Bg5 e6 5. e3 Be7 6. cxd5 exd5 7. Qc2 Nbd7 8. Bd3 0-0 9. Nf3 Re8 10. 0-0 Nf8 11. Ne5 N6d7 12. Bxe7 Qxe7 13. Nxd7 Bxd7 14. b4 b5 15. Rfb1 a5 16. Qb3 a4 17. Qc2 Rac8 18. a3 Qg5 19. Kh1 f5 20. f4 Qf6 21. Re1 Re7 22. Rac1 Rce8 23. Qf2 Ne6 24. Nb1 g5 25. g3 g4 26. Nc3 Nf8 27. Kg2 Rg7 28. Nd1 h5 29. Nb2 Rh7 30. Bb1 h4 31. Rh1 h3+ 32. Kf1 Rhe7 33. Re1 Ne6 34. Rd1 Nd8 35. Rd3 Nf7 36. Ke2 Nd6 37. Re1 Ne4 38. Qg1 c5 39. Rc1 cxd4 40. Rxd4 Nc3+ 41. Kd2 Nxb1+ 42. Rxb1 Re4 43. Nd3 Rxd4 44. exd4 Re4 45. Ne5 Be8 46. Rc1 Qb6 47. Kd3 Kf8 48. Rc5 Qe6 49. Qc1 Qd6 50. Rc8 Qb6 51. Nd7+ 1-0

[Event "Las Palmas Insular-chT Primera-B"]
[Site "Las Palmas"]
[Date "2014.02.01"]
[Round "8.3"]
[White "Mikoleizig, Egenhard"]
[Black "Manchon Santana, Alberto"]
[Result "1-0"]
[WhiteElo "2145"]
[BlackElo "1580"]
[PlyCount "155"]
[EventDate "2013.11.09"]
[EventType "team-tourn"]
[EventRounds "14"]
[EventCountry "ESP"]
[SourceTitle "EXT 2015"]
[Source "ChessBase"]
[SourceDate "2014.11.20"]
[SourceVersion "1"]
[SourceVersionDate "2014.11.20"]
[SourceQuality "1"]
[WhiteTeam "Maspalomas"]
[BlackTeam "La Caja de Canarias "]
[WhiteTeamCountry "ESP"]
[BlackTeamCountry "ESP"]

1. e4 c5 2. Nf3 d6 3. d4 cxd4 4. Nxd4 Nf6 5. Bd3 g6 6. h3 Bg7 7. Be3 0-0 8. c4 Nc6 9. Nc3 Bd7 10. 0-0 Rc8 11. Rc1 Ne5 12. b3 Nxd3 13. Qxd3 a6 14. Rfd1 e6 15. f3 d5 16. cxd5 exd5 17. exd5 Qa5 18. Nde2 Rfe8 19. Qd2 b5 20. Ng3 b4 21. Nce4 Rxc1 22. Rxc1 Nxd5 23. Rc5 Bb5 24. Rxd5 f5 25. Nd6 Bc3 26. Qf2 Re6 27. Nxb5 axb5 28. Nf1 Qc7 29. Qh4 Bf6 30. Qxb4 Qc2 31. Bh6 Re8 32. Rxb5 Qxa2 33. Qc4+ Kh8 34. Qf7 Bd4+ 35. Kh1 Qe2 36. Ne3 Qxb5 37. Bg5 Qc6 38. Nc4 Qe6 39. Qxe6 Rxe6 40. g4 Re1+ 41. Kg2 Rg1+ 42. Kh2 fxg4 43. Bf6+ Kg8 44. Bxd4 Rb1 45. hxg4 Rxb3 46. Ne5 Rb4 47. Bf2 Rb5 48. Bg3 Kf8 49. f4 Ke7 50. Kh3 Kf6 51. Bh4+ Ke6 52. Nf3 Rb3 53. Kg2 Kd5 54. Ng5 h6 55. Nf7 Rb2+ 56. Kh3 Ke4 57. Bg3 Rb1 58. Nxh6 Kf3 59. Nf7 Ke4 60. Ne5 Rb6 61. Kh4 Kd5 62. Kg5 Rb3 63. Bh4 Ke6 64. Nxg6 Rb5+ 65. f5+ Kf7 66. Bg3 Rb3 67. Ne5+ Ke7 68. Bf4 Rb6 69. Kh5 Rb1 70. Bg5+ Kf8 71. Bf6 Kg8 72. Kg6 Rb7 73. g5 Rb6 74. Ng4 Rc6 75. Kh5 Rc1 76. g6 Rh1+ 77. Kg5 Rg1 78. Be5 1-0

[Event "Las Palmas Insular-chT Primera-B"]
[Site "Las Palmas"]
[Date "2013.12.14"]
[Round "4.3"]
[White "Mikoleizig, Egenhard"]
[Black "Galindo Espino, Fidel"]
[Result "0-1"]
[WhiteElo "2145"]
[BlackElo "1840"]
[PlyCount "43"]
[EventDate "2013.11.09"]
[EventType "team-tourn"]
[EventRounds "14"]
[EventCountry "ESP"]
[SourceTitle "EXT 2015"]
[Source "ChessBase"]
[SourceDate "2014.11.20"]
[SourceVersion "1"]
[SourceVersionDate "2014.11.20"]
[SourceQuality "1"]
[WhiteTeam "Maspalomas"]
[BlackTeam "Telde Los Llanos"]
[WhiteTeamCountry "ESP"]
[BlackTeamCountry "ESP"]

1. e4 c5 2. Nf3 Nc6 3. d4 cxd4 4. Nxd4 Nf6 5. Nc3 e5 6. Nb3 h6 7. a3 d6 8. Be2 Be6 9. 0-0 d5 10. exd5 Nxd5 11. Ne4 Qb6 12. Bd3 f5 13. Qh5+ Kd7 14. Nc3 g6 15. Qxg6 Rg8 16. Qh5 f4 17. Bf5 Bg7 18. Qf7+ Nce7 19. Bxe6+ Qxe6 20. Nc5+ Kd6 21. Qxe6+ Kxc5 22. Qf5 0-1

[Event "Las Palmas Insular-chT Pref qual"]
[Site "San Fernando"]
[Date "2013.04.13"]
[Round "2.2"]
[White "Mikoleizig, Egenhard"]
[Black "Diaz Diaz, Abel"]
[Result "0-1"]
[WhiteElo "2176"]
[BlackElo "2094"]
[PlyCount "104"]
[EventDate "2013.04.06"]
[EventType "team-tourn"]
[EventRounds "3"]
[EventCountry "ESP"]
[SourceTitle "EXT 2014"]
[Source "ChessBase"]
[SourceDate "2013.11.20"]
[SourceVersion "1"]
[SourceVersionDate "2013.11.20"]
[SourceQuality "1"]
[WhiteTeam "Maspalomas"]
[BlackTeam "Univacit Guia"]
[WhiteTeamCountry "ESP"]
[BlackTeamCountry "ESP"]

1. e4 e6 2. d4 d5 3. exd5 exd5 4. Nf3 Nf6 5. c4 Bb4+ 6. Nc3 0-0 7. Be2 Ne4 8. Qb3 Qe7 9. Be3 dxc4 10. Bxc4 Nc6 11. Be2 Na5 12. Qc2 Re8 13. 0-0 Bxc3 14. bxc3 Nd6 15. c4 Bf5 16. Qc3 b6 17. Rfe1 Ne4 18. Qc1 Rad8 19. Qb2 Qf6 20. Rad1 h6 21. Qa3 Qe7 22. Qb2 Qf6 23. Qc1 Rd7 24. Ne5 Rde7 25. Nd3 Nxf2 26. Bxf2 Rxe2 27. Nf4 R2e4 28. Nd5 Qc6 29. Ne3 Bg6 30. d5 Qa4 31. Bg3 R8e7 32. c5 bxc5 33. Qxc5 Rxe3 34. Rf1 Nb7 35. Qc1 Nd6 36. Qb2 Qb5 37. Qd4 Qb6 38. Bf2 Qxd4 39. Rxd4 Ra3 40. Rd2 Ne4 41. Re2 Rd7 42. Rc1 Nxf2 43. Kxf2 Rxd5 44. Rxc7 Rda5 45. Re8+ Kh7 46. Rcc8 Rxa2+ 47. Kf3 Bh5+ 48. g4 R2a3+ 49. Kf2 Bxg4 50. Rh8+ Kg6 51. Rc6+ f6 52. Rc7 Rb5 0-1

[Event "Las Palmas Insular-chT Primera-B"]
[Site "Las Palmas"]
[Date "2013.03.02"]
[Round "11.3"]
[White "Mikoleizig, Egenhard"]
[Black "Acosta Quintana, Maximino"]
[Result "1-0"]
[WhiteElo "2206"]
[BlackElo "1918"]
[PlyCount "75"]
[EventDate "2012.11.10"]
[EventType "team-tourn"]
[EventRounds "14"]
[EventCountry "ESP"]
[SourceTitle "EXT 2014"]
[Source "ChessBase"]
[SourceDate "2013.11.20"]
[SourceVersion "1"]
[SourceVersionDate "2013.11.20"]
[SourceQuality "1"]
[WhiteTeam "Maspalomas"]
[BlackTeam "Villa de Teror "]
[WhiteTeamCountry "ESP"]
[BlackTeamCountry "ESP"]

1. e4 c5 2. Nf3 d6 3. d4 cxd4 4. Nxd4 Nf6 5. Bd3 Nc6 6. Nb3 g6 7. c4 Bg7 8. Nc3 a6 9. h3 Ne5 10. Be3 Be6 11. Qe2 Rc8 12. Nd2 0-0 13. 0-0 Nfd7 14. Nd5 Bxd5 15. cxd5 Nxd3 16. Qxd3 b5 17. Rab1 Nc5 18. Qe2 Na4 19. Nb3 Rc4 20. f3 Qc7 21. Rfc1 Rc8 22. Qd2 Rc2 23. Rxc2 Qxc2 24. Rc1 Qxc1+ 25. Nxc1 Nxb2 26. Qa5 Nc4 27. Qxa6 Rf8 28. Bf2 Ne5 29. Qxb5 Rc8 30. Nb3 Rc2 31. a4 Rb2 32. a5 f5 33. a6 Nf7 34. a7 Be5 35. a8Q+ Kg7 36. Bd4 Rb1+ 37. Kf2 Bxd4+ 38. Nxd4 1-0

[Event "Las Palmas Insular-chT Primera-B"]
[Site "Las Palmas"]
[Date "2013.02.23"]
[Round "10.3"]
[White "Aleman Velazquez, Jose Antonio"]
[Black "Mikoleizig, Egenhard"]
[Result "0-1"]
[WhiteElo "1420"]
[BlackElo "2206"]
[PlyCount "102"]
[EventDate "2012.11.10"]
[EventType "team-tourn"]
[EventRounds "14"]
[EventCountry "ESP"]
[SourceTitle "EXT 2014"]
[Source "ChessBase"]
[SourceDate "2013.11.20"]
[SourceVersion "1"]
[SourceVersionDate "2013.11.20"]
[SourceQuality "1"]
[WhiteTeam "La Bagacera "]
[BlackTeam "Maspalomas"]
[WhiteTeamCountry "ESP"]
[BlackTeamCountry "ESP"]

1. c4 e5 2. Nc3 Nc6 3. e4 d6 4. Nf3 Nf6 5. d3 Be7 6. Be2 h6 7. 0-0 0-0 8. b3 Nh7 9. Nd2 Nd4 10. f4 f5 11. Bh5 exf4 12. Ne2 Nxe2+ 13. Qxe2 Bf6 14. Rb1 Bd4+ 15. Kh1 Qg5 16. Nf3 Qxh5 17. Nxd4 Qxe2 18. Nxe2 fxe4 19. dxe4 g5 20. Bb2 Re8 21. Nc3 Bd7 22. Rbe1 c6 23. Ba3 c5 24. Rd1 Re6 25. Bxc5 dxc5 26. Rxd7 b6 27. Re1 Nf6 28. Rc7 Rd8 29. Rxa7 Rd3 30. Nd5 Nxd5 31. cxd5 Rxd5 32. Ra4 b5 33. Ra8+ Kg7 34. a4 Rxe4 35. Ra1 bxa4 36. R8xa4 Red4 37. h3 Rd3 38. Ra7+ Kf6 39. R1a6+ Ke5 40. Rb7 Rg3 41. Ra2 Rdd3 42. b4 c4 43. Rc2 c3 44. Rc7 Kd4 45. b5 Rd1+ 46. Kh2 Rb1 47. Ra2 Rb2 48. Ra4+ Kd5 49. Rac4 Rbxg2+ 50. Kh1 Rg1+ 51. Kh2 R3g2# 0-1

[Event "Las Palmas Insular-chT Primera-B"]
[Site "Las Palmas"]
[Date "2013.01.26"]
[Round "7.3"]
[White "Cruz Ramirez, Nauzet"]
[Black "Mikoleizig, Egenhard"]
[Result "0-1"]
[WhiteElo "1770"]
[BlackElo "2206"]
[PlyCount "80"]
[EventDate "2012.11.10"]
[EventType "team-tourn"]
[EventRounds "14"]
[EventCountry "ESP"]
[SourceTitle "EXT 2014"]
[Source "ChessBase"]
[SourceDate "2013.11.20"]
[SourceVersion "1"]
[SourceVersionDate "2013.11.20"]
[SourceQuality "1"]
[WhiteTeam "Canarias de Vecindario "]
[BlackTeam "Maspalomas"]
[WhiteTeamCountry "ESP"]
[BlackTeamCountry "ESP"]

1. d4 d5 2. c4 c6 3. Nc3 Nf6 4. Nf3 e6 5. g3 Nbd7 6. Bg2 Bd6 7. 0-0 0-0 8. Qc2 Re8 9. Rd1 Rb8 10. cxd5 exd5 11. a3 Nf8 12. b4 Bd7 13. Bb2 Ng6 14. Re1 Qc8 15. e4 dxe4 16. Nxe4 Nxe4 17. Rxe4 Rxe4 18. Qxe4 Bf5 19. Qe3 Ne7 20. Nh4 Be6 21. Rc1 a6 22. d5 Nxd5 23. Bxd5 Bxd5 24. Qg5 Bf8 25. Nf5 Qd8 26. Qf4 f6 27. Rd1 Qe8 28. Ne3 Be6 29. Qc7 Qc8 30. Qf4 Ra8 31. Nc4 Qb8 32. Qe4 Bd5 33. Qh4 b5 34. Ne3 Bf3 35. Rc1 Qd6 36. Bd4 g5 37. Qh3 Qxd4 38. Qe6+ Kh8 39. Qf7 Rd8 40. Nf1 Qd5 0-1

[Event "Calvia Veterans op 4th"]
[Site "Calvia"]
[Date "2007.10.21"]
[Round "7"]
[White "Mikoleizig, Egenhard"]
[Black "Perez Pascual, Arturo"]
[Result "1-0"]
[WhiteElo "2217"]
[BlackElo "1986"]
[PlyCount "135"]
[EventDate "2007.10.15"]
[EventType "swiss"]
[EventRounds "9"]
[EventCountry "ESP"]
[SourceTitle "CBM 120 Extra"]
[Source "ChessBase"]
[SourceDate "2007.11.01"]
[SourceVersion "1"]
[SourceVersionDate "2007.11.01"]
[SourceQuality "1"]

1. c4 c6 2. e3 d5 3. d4 Nf6 4. Nc3 e6 5. Nf3 Nbd7 6. a3 Bd6 7. cxd5 exd5 8. Bd3 0-0 9. 0-0 Re8 10. Qc2 Nf8 11. h3 Qe7 12. Bd2 Ne4 13. Rfe1 Bf5 14. Ne2 g5 15. Nh2 Bg6 16. Nf1 Ne6 17. f3 Nxd2 18. Qxd2 c5 19. Bxg6 hxg6 20. Nc3 Nc7 21. dxc5 Bxc5 22. Kh1 Rad8 23. Na4 Bd6 24. Rad1 Be5 25. Qc2 Ne6 26. Qb3 Qd7 27. Nc3 d4 28. Ne2 Qc8 29. exd4 Bd6 30. d5 Nf4 31. Nxf4 Rxe1 32. Rxe1 gxf4 33. Nd2 b6 34. Ne4 Be5 35. Rd1 Bd6 36. Qa4 Qc7 37. b4 Be7 38. Qb3 Qe5 39. Qc4 Kg7 40. Nc3 a6 41. Ne2 b5 42. Qd4 Qf6 43. Qxf6+ Bxf6 44. Nd4 Bxd4 45. Rxd4 g5 46. d6 Kg6 47. d7 f6 48. Rd6 Kf7 49. Rxa6 Rxd7 50. Rb6 Rd1+ 51. Kh2 Rd5 52. Rc6 Kg6 53. Rc5 Rd3 54. Rxb5 Rxa3 55. h4 Ra1 56. hxg5 fxg5 57. Rb8 Rb1 58. b5 Kf6 59. b6 Rb2 60. Kh3 Kg6 61. Kh2 Kf7 62. Kg1 Ke7 63. b7 Kd7 64. Rg8 Rxb7 65. Rg7+ Kc6 66. Rxb7 Kxb7 67. Kh2 Kc6 68. Kh3 1-0

[Event "Calvia Veterans op 4th"]
[Site "Calvia"]
[Date "2007.10.20"]
[Round "6"]
[White "Eppinger, Georg"]
[Black "Mikoleizig, Egenhard"]
[Result "1-0"]
[WhiteElo "2251"]
[BlackElo "2217"]
[PlyCount "57"]
[EventDate "2007.10.15"]
[EventType "swiss"]
[EventRounds "9"]
[EventCountry "ESP"]
[SourceTitle "CBM 120 Extra"]
[Source "ChessBase"]
[SourceDate "2007.11.01"]
[SourceVersion "1"]
[SourceVersionDate "2007.11.01"]
[SourceQuality "1"]

1. e4 c5 2. c3 e6 3. d4 cxd4 4. cxd4 d5 5. exd5 exd5 6. Nc3 Nf6 7. Bg5 Be7 8. Nf3 Nc6 9. Be2 0-0 10. 0-0 h6 11. Bh4 a6 12. Rc1 Be6 13. Re1 Rc8 14. a3 Na5 15. Ne5 Bf5 16. Bf3 g5 17. Bg3 b5 18. Ng4 Bxg4 19. Bxg4 Nxg4 20. Qxg4 Bf6 21. Nxd5 Rxc1 22. Nxf6+ Qxf6 23. Rxc1 Nc4 24. b3 Nxa3 25. Be5 Qg6 26. h4 f5 27. Qf3 g4 28. Qd5+ Qf7 29. Qd6 1-0

[Event "Calvia Veterans op 4th"]
[Site "Calvia"]
[Date "2007.10.18"]
[Round "4"]
[White "Mikoleizig, Egenhard"]
[Black "Sarto Ramos, Angel"]
[Result "0-1"]
[WhiteElo "2217"]
[BlackElo "2053"]
[PlyCount "88"]
[EventDate "2007.10.15"]
[EventType "swiss"]
[EventRounds "9"]
[EventCountry "ESP"]
[SourceTitle "CBM 120 Extra"]
[Source "ChessBase"]
[SourceDate "2007.11.01"]
[SourceVersion "1"]
[SourceVersionDate "2007.11.01"]
[SourceQuality "1"]

1. e4 g6 2. d4 c6 3. c4 d6 4. Bd3 Bg7 5. Ne2 e5 6. d5 Ne7 7. 0-0 f5 8. f3 f4 9. Nbc3 0-0 10. Kh1 Nd7 11. Bd2 Nf6 12. g4 g5 13. h3 h5 14. Kg2 Ng6 15. Be1 hxg4 16. hxg4 Bxg4 17. fxg4 Nxg4 18. Rf3 Nf6 19. Kf1 g4 20. Rf2 g3 21. Rf3 Ng4 22. Ng1 Nh2+ 23. Ke2 Qb6 24. Bd2 Nxf3 25. Kxf3 Kf7 26. Qf1 Rh8 27. Na4 Qc7 28. Ke2 Rh2+ 29. Kd1 Rah8 30. Be1 Bf6 31. Be2 Nh4 32. Bf3 Qd7 33. b3 cxd5 34. cxd5 Rc8 35. Nc3 a6 36. Rc1 b5 37. Nce2 Rxc1+ 38. Nxc1 Qa7 39. Nge2 Qe3 40. Bh5+ Ke7 41. Qg1 Ng2 42. Qxe3 Nxe3+ 43. Kd2 Rxh5 44. Nxg3 fxg3 0-1

[Event "Calvia Veterans op 4th"]
[Site "Calvia"]
[Date "2007.10.17"]
[Round "3"]
[White "Mercadal Melia, Dante"]
[Black "Mikoleizig, Egenhard"]
[Result "0-1"]
[WhiteElo "1986"]
[BlackElo "2217"]
[PlyCount "102"]
[EventDate "2007.10.15"]
[EventType "swiss"]
[EventRounds "9"]
[EventCountry "ESP"]
[SourceTitle "CBM 120 Extra"]
[Source "ChessBase"]
[SourceDate "2007.11.01"]
[SourceVersion "1"]
[SourceVersionDate "2007.11.01"]
[SourceQuality "1"]

1. e4 c5 2. Nf3 e6 3. d4 cxd4 4. Nxd4 a6 5. Nc3 Qc7 6. Be3 Nf6 7. Be2 Nc6 8. 0-0 d6 9. f4 Bd7 10. Nxc6 Bxc6 11. Bd3 b5 12. a3 g6 13. Qe2 Bg7 14. f5 exf5 15. exf5 0-0 16. fxg6 fxg6 17. Rae1 Rae8 18. Qd1 Qb7 19. Rf2 Nd7 20. Rxf8+ Rxf8 21. Bf1 Qc7 22. Nd5 Qd8 23. Qd2 Ne5 24. Bg5 Qd7 25. Ne7+ Kh8 26. Nxc6 Qxc6 27. Be2 Nc4 28. Bxc4 Qxc4 29. c3 Be5 30. Qe2 Rf5 31. Qxc4 bxc4 32. Be7 Rf7 33. Bg5 Kg7 34. Rd1 Rb7 35. Rd2 Kf7 36. h3 Ke6 37. g4 Rf7 38. Kg2 Kd7 39. Rd5 Kc6 40. Rd2 Kb5 41. Be3 Ka4 42. Re2 Kb3 43. Bc1 a5 44. Be3 a4 45. Bc1 Bg7 46. Bg5 Ka2 47. Be3 Kb1 48. Bb6 Rb7 49. Ba5 Rxb2 50. Rxb2+ Kxb2 51. Bb4 d5 0-1

[Event "Wuerttemberg-ch Seniors 15th"]
[Site "Ellwangen"]
[Date "2003.04.18"]
[Round "8"]
[White "Mikoleizig, Egenhard"]
[Black "Raedeker, Bernd"]
[Result "0-1"]
[WhiteElo "2056"]
[BlackElo "2123"]
[PlyCount "130"]
[EventDate "2003.04.??"]
[EventType "swiss"]
[EventRounds "9"]
[EventCountry "GER"]
[SourceTitle "EXT 2006"]
[Source "ChessBase"]
[SourceDate "2005.11.24"]
[SourceVersion "1"]
[SourceVersionDate "2005.11.24"]
[SourceQuality "1"]

1. c4 e5 2. Nc3 Nc6 3. g3 Nf6 4. Bg2 Bc5 5. e3 d5 6. cxd5 Nb4 7. d3 Nbxd5 8. Nge2 0-0 9. a3 c6 10. 0-0 Bg4 11. Qc2 Be7 12. b4 Qd7 13. Bb2 Nxc3 14. Bxc3 Qe6 15. Qb2 Nd5 16. Rfe1 Nxc3 17. Qxc3 Rfd8 18. Rab1 Rd7 19. Nc1 Rad8 20. Bf1 Bf5 21. Rb2 h5 22. f3 Bh3 23. Qb3 Rd5 24. Qc2 Bxf1 25. Kxf1 a5 26. Rd1 axb4 27. axb4 Rb5 28. Na2 Qf5 29. Kg2 h4 30. Qc4 h3+ 31. Kf2 Qf6 32. Rdd2 Rbd5 33. Nc3 R5d7 34. Ne4 Qg6 35. Ke2 Kh7 36. Nf2 f5 37. Qc1 f4 38. gxf4 exf4 39. e4 Bf6 40. Rb1 Qg2 41. Qf1 Bd4 42. Rb3 Be3 43. Rd1 Rd6 44. Ke1 Qxf3 45. Qxh3+ Qxh3 46. Nxh3 Rh6 47. Ng5+ Kg8 48. Nf3 Rh3 49. Ke2 Ra8 50. Rb2 g5 51. Rh1 g4 52. Ng5 Rh5 53. h4 Bd4 54. Rc2 Bf6 55. Rg1 g3 56. Nf3 Kf7 57. b5 Rxb5 58. Ng5+ Bxg5 59. hxg5 Kg6 60. Kf3 Kxg5 61. Rh1 Ra3 62. Ke2 Kg4 63. Rh7 f3+ 64. Ke3 Rg5 65. Rf7 f2 0-1

[Event "Wuerttemberg-ch Seniors 15th"]
[Site "Ellwangen"]
[Date "2003.04.16"]
[Round "6"]
[White "Mikoleizig, Egenhard"]
[Black "Papapostolou, Christos"]
[Result "1/2-1/2"]
[WhiteElo "2056"]
[BlackElo "2108"]
[PlyCount "75"]
[EventDate "2003.04.??"]
[EventType "swiss"]
[EventRounds "9"]
[EventCountry "GER"]
[SourceTitle "EXT 2006"]
[Source "ChessBase"]
[SourceDate "2005.11.24"]
[SourceVersion "1"]
[SourceVersionDate "2005.11.24"]
[SourceQuality "1"]

1. e4 c5 2. Nc3 Nc6 3. g3 g6 4. Bg2 Bg7 5. d3 e6 6. f4 Nge7 7. Nf3 0-0 8. 0-0 b6 9. h3 Rb8 10. Ne2 b5 11. c3 b4 12. Be3 bxc3 13. bxc3 Qa5 14. Qd2 Ba6 15. Rab1 d5 16. e5 Nf5 17. Bf2 h5 18. Rfc1 Rb6 19. Rxb6 axb6 20. g4 Nfe7 21. Ng3 d4 22. Ne4 dxc3 23. Nxc3 Rd8 24. Bf1 Nb4 25. Bh4 Rd7 26. Qh2 Bb7 27. Ng5 Qa3 28. Qd2 Nxd3 29. Bxd3 Rxd3 30. Qc2 c4 31. Nce4 Bxe4 32. Nxe4 b5 33. Rb1 Qa8 34. Nf2 Nd5 35. Nxd3 cxd3 36. Qd2 b4 37. Bg3 g5 38. Qxd3 1/2-1/2

[Event "Wuerttemberg-ch Seniors 15th"]
[Site "Ellwangen"]
[Date "2003.04.12"]
[Round "2"]
[White "Mikoleizig, Egenhard"]
[Black "Neumann, Erwin"]
[Result "1-0"]
[WhiteElo "2056"]
[BlackElo "1827"]
[PlyCount "117"]
[EventDate "2003.04.??"]
[EventType "swiss"]
[EventRounds "9"]
[EventCountry "GER"]
[SourceTitle "EXT 2006"]
[Source "ChessBase"]
[SourceDate "2005.11.24"]
[SourceVersion "1"]
[SourceVersionDate "2005.11.24"]
[SourceQuality "1"]

1. e4 e5 2. Nf3 Nf6 3. d3 Nc6 4. Be2 Be7 5. 0-0 0-0 6. h3 d5 7. Bg5 dxe4 8. Nfd2 exd3 9. Bxd3 h6 10. Bh4 Qd4 11. Bxf6 Bxf6 12. Nc3 Be6 13. Qe2 Nb4 14. Nf3 Qb6 15. Be4 c6 16. b3 Rad8 17. Na4 Qc7 18. c4 c5 19. a3 Nc6 20. Nc3 Nb8 21. Nb5 Qb6 22. Bc2 a6 23. Nc3 Nc6 24. Qe4 g6 25. Qe3 Nd4 26. Bd1 Nf5 27. Qc1 Qc6 28. Nd2 Bg5 29. Nce4 Nh4 30. Bf3 Nxf3+ 31. gxf3 Bf4 32. Rd1 Bxh3 33. Qc3 Rd4 34. Nf1 Rfd8 35. Rxd4 Rxd4 36. Ne3 Be6 37. Nf6+ Kf8 38. Nfd5 Bxd5 39. Nxd5 Qe6 40. Kg2 Bd2 41. Qc2 Rh4 42. Kf1 Rh1+ 43. Ke2 Rxa1 44. Qxd2 g5 45. Qa5 Qf5 46. Qxc5+ Kg7 47. Ne3 Ra2+ 48. Ke1 Qxf3 49. Qxe5+ Kg6 50. Qd6+ Qf6 51. Qd3+ Kg7 52. Nf5+ Kf8 53. Kf1 Ra1+ 54. Kg2 Qc6+ 55. f3 Ra2+ 56. Kh3 Qc7 57. f4 gxf4 58. Qd4 Re2 59. Qh8# 1-0

[Event "Baunatal op 5th"]
[Site "Baunatal"]
[Date "1999.08.15"]
[Round "7"]
[White "Mikoleizig, Egenhard"]
[Black "Jansen, Dirk Norbert"]
[Result "1-0"]
[WhiteElo "2220"]
[BlackElo "1899"]
[PlyCount "69"]
[EventDate "1999.08.??"]
[EventType "swiss"]
[EventRounds "7"]
[EventCountry "GER"]
[SourceTitle "EXT 2000"]
[Source "ChessBase"]
[SourceDate "1999.11.16"]
[SourceVersion "1"]
[SourceVersionDate "1999.11.16"]
[SourceQuality "1"]

1. e4 c5 2. Nc3 Nc6 3. g3 g6 4. Bg2 Bg7 5. d3 d6 6. f4 Nf6 7. Nf3 0-0 8. 0-0 e6 9. h3 Qa5 10. Bd2 Nd7 11. g4 Nd4 12. Ne2 Qb6 13. Rb1 e5 14. f5 gxf5 15. gxf5 Nxf3+ 16. Rxf3 Nf6 17. Bg5 Bd7 18. Ng3 Kh8 19. Qd2 Rg8 20. h4 Bc6 21. c4 Qc7 22. Bh3 a6 23. Kh2 b5 24. b3 bxc4 25. bxc4 Rab8 26. Rg1 Qb7 27. Rf2 Qb4 28. Qe2 Rb7 29. Rfg2 h6 30. Nh5 hxg5 31. Nxf6 Bxf6 32. Qh5+ Kg7 33. hxg5 Kf8 34. gxf6 Rxg2+ 35. Rxg2 1-0

[Event "Baunatal op 5th"]
[Site "Baunatal"]
[Date "1999.08.12"]
[Round "1"]
[White "Mikoleizig, Egenhard"]
[Black "Dallmann, Volker"]
[Result "1-0"]
[WhiteElo "2220"]
[BlackElo "1755"]
[PlyCount "81"]
[EventDate "1999.08.??"]
[EventType "swiss"]
[EventRounds "7"]
[EventCountry "GER"]
[SourceTitle "EXT 2000"]
[Source "ChessBase"]
[SourceDate "1999.11.16"]
[SourceVersion "1"]
[SourceVersionDate "1999.11.16"]
[SourceQuality "1"]

1. c4 e6 2. d4 Nf6 3. Nf3 b6 4. Nc3 Bb7 5. e3 Be7 6. Bd3 d5 7. 0-0 0-0 8. Bd2 Nbd7 9. Rc1 c5 10. cxd5 Nxd5 11. Nxd5 Bxd5 12. Bc3 Nf6 13. Nd2 Rc8 14. Qe2 Bb7 15. dxc5 Bxc5 16. Rfd1 Qd5 17. Nf3 Qh5 18. e4 Ng4 19. Be1 Bd6 20. h3 Ne5 21. Bc3 Nxf3+ 22. Qxf3 Qxf3 23. gxf3 Bf4 24. Rb1 Rfd8 25. Be2 f6 26. Kf1 Kf7 27. Ke1 Ke7 28. Bd3 a5 29. Bb5 Rc5 30. Rxd8 Kxd8 31. Rd1+ Kc7 32. Ba4 Bc8 33. Rd3 Rh5 34. Bd4 b5 35. Rc3+ Kd7 36. Bb3 Ba6 37. Bxe6+ Kd6 38. Bd5 Kd7 39. Be6+ Kd6 40. Bg4 Rh6 41. Bc5+ 1-0